Normal view
MARC view
- الشعور الباطن-علم النفس الفردي-سيكولوجية الافراد-العقل
Entry Topical Term
001 - CONTROL NUMBER
- control field: 17730
003 - CONTROL NUMBER IDENTIFIER
- control field: JO-AjAnu
005 - DATE AND TIME OF LATEST TRANSACTION
- control field: 20230606073127.0
008 - FIXED-LENGTH DATA ELEMENTS
- fixed length control field: 230606|| aca||aabn | a|a d
040 ## - CATALOGING SOURCE
- Original cataloging agency: JO-AjAnu
- Transcribing agency: JO-AjAnu
150 ## - HEADING--TOPICAL TERM
- Topical term or geographic name entry element: الشعور الباطن-علم النفس الفردي-سيكولوجية الافراد-العقل
670 ## - SOURCE DATA FOUND
- Source citation: Work cat.: (JO-AjAnu)9107: العريمي،ايمن ، صقر،سامي/تدقيق لغوي, author 17729, اكتشف وبرمج عقلك الباطن